Lyrics - Oscar Winning Tears - Raye - Statistics

General Stats
  • This quiz has been taken 266 times
    265 since last reset
  • The average score is 267 of 340
Answer Stats
Answer % Correct
a
100%
A
100%
I
99%
and
98%
And
98%
go
98%
He
98%
he
98%
the
97%
The
97%
you
97%
You
97%
I'm
94%
is
94%
it
94%
men,
94%
of
94%
on
94%
Oscar
94%
tears
94%
tears,
94%
Tears,
94%
winning
94%
Cry
93%
cry
93%
Cry,
93%
cry,
93%
man
93%
man,
93%
One
93%
one
93%
ten,
92%
was
92%
baby,
91%
Baby,
91%
baby
91%
many
91%
tell
91%
ahead
90%
be
90%
can
90%
this
90%
those
89%
those,
89%
gon'
88%
name
88%
gentlemen,
87%
gonna
87%
out
87%
so
87%
So
87%
irrelevant,
86%
irrelevant
86%
'bout
85%
Ladies
85%
take
85%
then
85%
knew
84%
that
84%
seat
83%
wish
83%
height
82%
to
82%
about
81%
your
81%
front
80%
still
80%
I'll
79%
in
79%
row
78%
recovering
77%
me,
76%
me
76%
deny
75%
deny,
75%
no
75%
No
75%
can't
74%
scream
74%
though,
73%
again,
72%
again
72%
Popcorn
72%
story
69%
terrible
69%
Truly
69%
begin
68%
stuck
68%
my
67%
Please
67%
please
67%
get
66%
Hello,
66%
here
66%
RAYE
66%
vulnerable,
66%
innocent
65%
it's
65%
Thought
65%
thought
65%
very
65%
wrong
65%
for?
63%
For
63%
love
63%
up,
63%
lesson
62%
believable
61%
Because
60%
learned
60%
phase
60%
played
60%
Oh,
59%
comfortable
58%
did
58%
opened
58%
Quickly
58%
role
58%
convincing
57%
phones
57%
sentiment
57%
safe
56%
nice
54%
Sit
53%
were
53%
believe
51%
have
51%
daze
50%
didn't
49%
talk
49%
bullshit
48%
down,
48%
tragedy,
48%
with
48%
camera,
47%
fuck
47%
Fuck
47%
lock
47%
time,
47%
what
47%
last
46%
violin
46%
how
45%
Look
44%
tiny
44%
crying
43%
plan
43%
see
43%
are
42%
miss
42%
through
42%
audience
41%
But
41%
never
41%
blasphemy
40%
had
40%
just
40%
lying
40%
right
40%
tissues
40%
him
39%
cursing
38%
left
38%
saw
38%
section,
38%
string
38%
could
37%
Cinematography,
34%
room
34%
his
33%
after
32%
would
32%
performance
31%
Nine
30%
Or
30%
really
30%
o'clock
28%
entertainment
27%
tape
17%
No matching quizzes found
Score Distribution
Percent of People with Each Score
Percentile by Number Answered
Your Score History
You have not taken this quiz since the last reset